00537nam a2200181 a 45000010010000000030011000100080041000210350026000620820014000881000027001022450032001292600033001616500024001949420012002189520090002309980020003209990015003400000-8503ELIB.Books110520 0000  a(ELIB.Books)0000-8648 a268 bWea aWeatherhead, Leslie D. aThe Transforming Friendship bNew York: Abingdon Press c0 aChristian Education 2ddccBK 00102ddc4070aKBTSbKBTSd2011-05-20l0p2710r2022-01-22 00:00:00w2022-01-22yBK cbate2011-05-20 c8503d8503